| 000 | 01221pam a2200385 a 4500 | ||
|---|---|---|---|
| 001 | 8146 | ||
| 003 | FISKH | ||
| 005 | 20250828123912.0 | ||
| 008 | 910612s1992 nyu j 000 1 eng | ||
| 010 | _a 91023303 | ||
| 020 |
_a0531059960 : _c$12.95 |
||
| 020 |
_a0531085961 _qlib. bdg. |
||
| 020 | _a9780531059968 | ||
| 020 |
_a9780531085967 _q(lib. bdg.) |
||
| 040 |
_aDLC _cDLC _dDLC _beng |
||
| 042 | _alcac | ||
| 050 | _aPZ7.R982 M | ||
| 082 | _2 813.54 | ||
| 100 | 1 | _aRylant, Cynthia. | |
| 245 | 1 | 0 |
_aMissing May / _cby Cynthia Rylant. |
| 260 |
_aNew York : _bOrchard Books, _c1992. |
||
| 300 |
_a89 pages : _b20 cm |
||
| 336 |
_atext _btxt _2rdacontent |
||
| 337 |
_aunmediated _bn _2rdamedia |
||
| 338 |
_avolume _bnc _2rdacarrier |
||
| 500 | _a"A Richard Jackson book"--Half t.p. | ||
| 520 | _aAfter the death of the beloved aunt who has raised her, twelve-year-old Summer and her uncle Ob leave their West Virginia trailer in search of the strength to go on living. | ||
| 650 | 1 |
_aDeath _xFiction. |
|
| 650 | 1 |
_aGrief _xFiction. |
|
| 650 | 1 |
_aAunts _xFiction. |
|
| 651 | 1 |
_aWest Virginia _xFiction. |
|
| 906 |
_a7 _bcbc _corignew _d1 _eocip _f19 _gy-gencatlg |
||
| 942 |
_2ddc _cBK _n0 |
||
| 999 |
_c8146 _d8146 |
||